[Event "New York MCC"]
[Site "New York"]
[Date "1994.??.??"]
[Round "3"]
[White "Berkovich, Dmitry"]
[Black "Gurevich, Ilya"]
[Result "1/2-1/2"]
[WhiteElo "2415"]
[BlackElo "2585"]
[PlyCount "94"]
[EventDate "1994.02.??"]
[Source "ChessBase"]

1. d4 Nf6 2. c4 g6 3. Nc3 d5 4. Nf3 Bg7 5. e3 O-O 6. Bd2 e6 7. Rc1 b6 8. Bd3 Bb7 9. O-O Ne4 10. Be1 Nd7 11. Qc2 Nxc3 12. Bxc3 dxc4 13. Bxc4 Bxf3 14. gxf3 c5 15. dxc5 Bxc3 16. Qxc3 Qg5+ 17. Kh1 Qh5 18. Be2 Nxc5 19. b4 Nd7 20. Qd4 Ne5 21. Qe4 Rac8 22. a4 Rfd8 23. Rxc8 Rxc8 24. a5 Rd8 25. Rd1 Rxd1+ 26. Bxd1 Qf5 27. Be2 Qxe4 28. fxe4 bxa5 29. bxa5 Kf8 30. f4 Nc6 31. a6 Ke7 32. e5 Kd7 33. Kg2 Kc7 34. Kg3 Kb6 35. Kg4 h6 36. h4 Ne7 37. h5 Kc5 38. Bd3 Kb4 39. hxg6 fxg6 40. Be4 Kc3 41. Bb1 Nf5 42. Bxf5 gxf5+ 43. Kh5 Kd3 44. Kxh6 Kxe3 45. Kg5 Ke4 46. Kf6 Kxf4 47. Kxe6 Kg5 1/2-1/2

[Event "Vrnjacka Banja"]
[Site "?"]
[Date "1978.??.??"]
[Round "3"]
[White "Rajkovic Dusan"]
[Black "Schmidt Wlodzimierz"]
[Result "1/2-1/2"]
[WhiteElo "2490"]
[BlackElo "2505"]
[PlyCount "29"]
[EventDate "1978.??.??"]
[Source "www.chesslib.no"]
[SourceDate "2004.05.04"]

1. d4 Nf6 2. c4 g6 3. Nc3 d5 4. Nf3 Bg7 5. e3 O-O 6. Bd2 c5 7. dxc5 Na6 8. cxd5 Nxc5 9. Bc4 Bf5 10. O-O Rc8 11. Qe2 Nfe4 12. Rac1 Nd6 13. e4 Ncxe4 14. Nxe4 Bxe4 15. b3 1/2-1/2

[Event "Aars get2net Cup GM"]
[Site "Aars"]
[Date "1999.10.19"]
[Round "4"]
[White "Pedersen, Steffen"]
[Black "Nielsen, Peter Heine"]
[Result "1/2-1/2"]
[WhiteElo "2427"]
[BlackElo "2560"]
[PlyCount "36"]
[EventDate "1999.10.18"]
[Source "ChessBase"]
[SourceDate "2000.02.01"]

1. d4 Nf6 2. Nf3 d5 3. e3 g6 4. c4 Bg7 5. Nc3 O-O 6. Bd2 c5 7. dxc5 Na6 8. cxd5 Nxc5 9. Bc4 a6 10. a4 Nfe4 11. Nxe4 Nxe4 12. O-O Bg4 13. Bb4 Rc8 14. Be2 Bxb2 15. Rb1 Bf6 16. Nd4 Bxe2 17. Nxe2 Qd7 18. Qb3 Nc5 1/2-1/2

[Event "Plovdiv"]
[Site "Plovdiv"]
[Date "1984.??.??"]
[Round "5"]
[White "Taimanov, Mark E"]
[Black "Lukin, Andrei M"]
[Result "1/2-1/2"]
[WhiteElo "2515"]
[BlackElo "2470"]
[PlyCount "57"]
[EventDate "1984.06.??"]
[Source "ChessBase"]

1. d4 Nf6 2. c4 g6 3. Nc3 d5 4. Nf3 Bg7 5. e3 O-O 6. Bd2 b6 7. cxd5 Nxd5 8. Bc4 Bb7 9. O-O e6 10. Rc1 Nxc3 11. Bxc3 Nd7 12. Qe2 c5 13. Rfd1 Qe7 14. Ba6 Bxa6 15. Qxa6 cxd4 16. Nxd4 Nc5 17. Qa3 Qb7 18. Nb5 Bxc3 19. Qxc3 Rad8 20. b4 Ne4 21. Qe5 Rxd1+ 22. Rxd1 Rc8 23. h4 a6 24. Nd6 Nxd6 25. Rxd6 h5 26. Qd4 b5 27. f4 Qe7 28. g3 Qc7 29. Kf2 1/2-1/2

[Event "9. Round-8"]
[Site "9th Lone Pine Round-8"]
[Date "1979.??.??"]
[Round "?"]
[White "Bisguier, Arthur B"]
[Black "Lein, Anatoly Y"]
[Result "0-1"]
[WhiteElo "2445"]
[BlackElo "2535"]
[PlyCount "98"]
[EventDate "1979.??.??"]
[Source "www.chesslib.no"]
[SourceDate "2004.05.04"]

1. d4 Nf6 2. c4 g6 3. Nc3 d5 4. Nf3 Bg7 5. e3 O-O 6. Bd2 c5 7. dxc5 Na6 8. cxd5 Nxc5 9. Bc4 a6 10. a4 Bf5 11. O-O Rc8 12. Qe2 Nfe4 13. Nd4 Nxd2 14. Qxd2 Ne4 15. Nxe4 Bxe4 16. Qb4 Bxd4 17. exd4 Bxd5 18. Bxd5 Qxd5 19. Qxe7 Rfe8 20. Qa3 Re4 21. Rac1 Rce8 22. Rcd1 Rxd4 23. Rxd4 Qxd4 24. Qb3 b6 25. Qc2 a5 26. Rd1 Qe4 27. Qxe4 Rxe4 28. b3 Rb4 29. Rb1 b5 30. axb5 a4 31. Kf1 axb3 32. Ke2 Rxb5 33. Kd3 Kg7 34. Kc4 Rg5 35. g3 Rh5 36. Rxb3 Rxh2 37. Rb2 Rh1 38. Kd3 Re1 39. Rb7 h5 40. Kd2 Re6 41. f4 Kf6 42. Ra7 Re4 43. Ra5 h4 44. Kd3 Rb4 45. gxh4 Rxf4 46. h5 Rf5 47. Ra6+ Kg7 48. h6+ Kh7 49. Ke3 f6 0-1

[Event "Beijing"]
[Site "Beijing"]
[Date "1992.??.??"]
[Round "2"]
[White "Xie Jun"]
[Black "Lin Weiguo"]
[Result "1-0"]
[WhiteElo "2480"]
[BlackElo "2495"]
[PlyCount "57"]
[EventDate "1992.??.??"]
[Source "ChessBase"]

1. Nf3 Nf6 2. c4 g6 3. Nc3 d5 4. d4 Bg7 5. e3 O-O 6. Bd2 c5 7. dxc5 Na6 8. cxd5 Nxc5 9. Bc4 Bf5 10. O-O Rc8 11. Nd4 Be4 12. b4 Nd3 13. Qb3 Qc7 14. Bb5 Ng4 15. g3 Ndxf2 16. Rxf2 Nxf2 17. Kxf2 Bxd4 18. exd4 Qb6 19. Ke3 Rxc3+ 20. Qxc3 Qxb5 21. Kxe4 Qe2+ 22. Qe3 f5+ 23. Ke5 Qh5 24. Qh6 Qe2+ 25. Qe3 Qxh2 26. Ke6 f4 27. gxf4 Qh5 28. Kxe7 Qxd5 29. Qe6+ 1-0

[Event "Petrov mem"]
[Site "St Petersburg"]
[Date "1998.??.??"]
[Round "5"]
[White "Savon, Vladimir A"]
[Black "Yandemirov, Valeri"]
[Result "1-0"]
[WhiteElo "2425"]
[BlackElo "2545"]
[PlyCount "83"]
[EventDate "1998.??.??"]
[Source "www.chesslib.no"]
[SourceDate "2004.05.04"]

1. d4 Nf6 2. Nf3 g6 3. c4 Bg7 4. Nc3 d5 5. e3 O-O 6. Bd2 c6 7. Rc1 Ne4 8. h3 Nxd2 9. Qxd2 Qa5 10. Be2 dxc4 11. Bxc4 Qh5 12. Ne4 Qf5 13. Ng3 Qd7 14. O-O b6 15. Rfd1 Bb7 16. e4 Na6 17. Qf4 Rad8 18. Ne5 Bxe5 19. Qxe5 Nc7 20. Nf5 gxf5 21. Rc3 f4 22. Rdd3 Qd6 23. Rg3+ fxg3 24. Rxg3+ Qg6 25. Qxc7 Rxd4 26. Bb3 Bc8 27. Rxg6+ hxg6 28. Qxe7 Be6 29. Bxe6 fxe6 30. Qxe6+ Kh7 31. f3 Rd1+ 32. Kh2 Rd2 33. Qe7+ Kg8 34. Qg5 Rd6 35. f4 Kf7 36. h4 c5 37. e5 Re6 38. h5 Rh8 39. g4 Ke8 40. Kg3 gxh5 41. Qg7 Rf8 42. f5 1-0

[Event "34th Olympiad, Istanbul TUR"]
[Site "?"]
[Date "2000.??.??"]
[Round "6"]
[White "Barsov, A."]
[Black "Odeev, H."]
[Result "1-0"]
[WhiteElo "2530"]
[BlackElo "2440"]
[PlyCount "81"]
[EventDate "2000.??.??"]
[Source "www.chesslib.no"]
[SourceDate "2004.05.04"]

1. d4 Nf6 2. c4 g6 3. Nc3 d5 4. Nf3 Bg7 5. e3 O-O 6. Bd2 b6 7. cxd5 Nxd5 8. Rc1 Nxc3 9. Bxc3 Bb7 10. Bc4 Nd7 11. O-O Nf6 12. b4 Ne4 13. Ba1 e6 14. Bd3 f5 15. Qc2 Ng5 16. Nxg5 Qxg5 17. f4 Qd8 18. Qxc7 Qd5 19. e4 Qd8 20. Qxb7 Bxd4+ 21. Kh1 Bxa1 22. Bc4 Bb2 23. Bxe6+ Kh8 24. Rc7 Qh4 25. exf5 Rad8 26. fxg6 hxg6 27. g3 Qh6 28. Qg2 Bg7 29. Rxa7 g5 30. Bd5 gxf4 31. gxf4 Bd4 32. Qe4 Bf6 33. Ra3 Qh5 34. Qg2 Rxd5 35. Rh3 Bh4 36. Rxh4 Qxh4 37. Qxd5 Rg8 38. Qe5+ Kh7 39. Rc1 Qg4 40. Rc7+ Kh6 41. Qf6+ 1-0

[Event "Budapest Kasparov"]
[Site "Budapest"]
[Date "1991.??.??"]
[Round "12"]
[White "Berkovich, Dmitry"]
[Black "Horvath, Jozsef"]
[Result "1/2-1/2"]
[WhiteElo "2425"]
[BlackElo "2540"]
[PlyCount "36"]
[EventDate "1991.06.??"]
[Source "ChessBase"]

1. d4 Nf6 2. c4 g6 3. Nc3 d5 4. Nf3 Bg7 5. e3 O-O 6. Bd2 c5 7. dxc5 Na6 8. cxd5 Nxc5 9. Bc4 a6 10. a4 b6 11. Qe2 Bb7 12. O-O Nxd5 13. Rfd1 Nf6 14. Be1 Qb8 15. Nd2 Bc6 16. Nb3 Nxb3 17. Bxb3 Qb7 18. f3 Nd7 1/2-1/2

[Event "4th ch-Asia"]
[Site "Doha"]
[Date "2003.02.23"]
[Round "2"]
[White "Barsov, Alexei"]
[Black "Isaev, Jamshed"]
[Result "1/2-1/2"]
[WhiteElo "2525"]
[BlackElo "2438"]
[PlyCount "192"]
[EventDate "2003.02.22"]
[Source "Roberto Alvarez"]
[SourceDate "2003.03.03"]

1. d4 Nf6 2. c4 g6 3. Nc3 d5 4. Nf3 Bg7 5. e3 O-O 6. Bd2 c5 7. dxc5 Na6 8. cxd5 Nxc5 9. Bc4 Bf5 10. O-O a6 11. Nd4 Be4 12. b4 Bd3 13. Bxd3 Nxd3 14. Qb1 Ne5 15. Qb3 Rc8 16. Rad1 Nc4 17. Be1 Nxd5 18. Nf3 e6 19. Nxd5 exd5 20. Bc3 Na5 21. bxa5 Rxc3 22. Qxb7 Qxa5 23. Qxd5 Qxd5 24. Rxd5 Ra3 25. Rd2 Bc3 26. Rc2 Rb8 27. g4 Bb2 28. Nd2 Rxa2 29. Nc4 a5 30. Rb1 a4 31. Rbxb2 Rbxb2 32. Nxb2 a3 33. Rc8+ Kg7 34. Nd3 Rd2 35. Nc1 a2 36. Nxa2 Rxa2 37. Kg2 Ra4 38. Kg3 Ra1 39. Rc7 Re1 40. Kf3 Kf6 41. h4 Rh1 42. g5+ Kg7 43. Rc4 h6 44. Kg2 Ra1 45. f4 hxg5 46. hxg5 Ra7 47. Kf3 Rb7 48. Rc6 Ra7 49. Rb6 Rc7 50. e4 Rc3+ 51. Kg4 Rc4 52. e5 Rc7 53. Rd6 Ra7 54. Kf3 Rb7 55. Ke4 Ra7 56. Rd4 Ra5 57. Rb4 Rc5 58. Rb7 Kf8 59. Kd4 Ra5 60. Rc7 Ra4+ 61. Rc4 Ra5 62. Rb4 Ke7 63. Ke4 Kf8 64. Rd4 Ke7 65. Rd6 Ra4+ 66. Kf3 Ra3+ 67. Kg4 Ra1 68. Rf6 Re1 69. Kf3 Kf8 70. Kf2 Re4 71. Kf3 Re1 72. Ra6 Ke7 73. Ra4 Ke6 74. Kf2 Rb1 75. Ra6+ Ke7 76. Rf6 Rb2+ 77. Ke3 Rb3+ 78. Kd4 Rb4+ 79. Kd5 Ra4 80. e6 fxe6+ 81. Ke5 Ra5+ 82. Ke4 Ra4+ 83. Kf3 Ra3+ 84. Kg4 Ra4 85. Rxg6 e5 86. Kf5 exf4 87. Rf6 Ra8 88. Kg6 Rg8+ 89. Kh6 Rh8+ 90. Kg7 Rh4 91. g6 Rg4 92. Rf7+ Ke6 93. Kh7 Ke5 94. g7 Ke4 95. g8=Q Rxg8 96. Kxg8 f3 1/2-1/2

[Event "Compack"]
[Site "Budapest HUN"]
[Date "1988.??.??"]
[Round "?"]
[White "Horvath, Jozsef"]
[Black "Mohr, Stefan"]
[Result "1/2-1/2"]
[WhiteElo "2480"]
[BlackElo "2470"]
[PlyCount "27"]
[EventDate "1988.10.??"]
[Source "www.chesslib.no"]
[SourceDate "2004.05.04"]

1. d4 Nf6 2. c4 g6 3. Nc3 d5 4. Nf3 Bg7 5. e3 O-O 6. Bd2 c5 7. dxc5 Na6 8. cxd5 Nxc5 9. Bc4 Bf5 10. O-O Rc8 11. Be1 Nfe4 12. Nd4 Nxc3 13. Bxc3 Ne4 14. Be2 1/2-1/2

[Event "Petrov mem"]
[Site "St Petersburg"]
[Date "1996.??.??"]
[Round "8"]
[White "Savon, Vladimir A"]
[Black "Neverov, Valeriy"]
[Result "1/2-1/2"]
[WhiteElo "2435"]
[BlackElo "2515"]
[PlyCount "100"]
[EventDate "1996.02.??"]
[Source "ChessBase"]

1. d4 Nf6 2. c4 g6 3. Nc3 d5 4. Nf3 Bg7 5. e3 O-O 6. Bd2 b6 7. cxd5 Nxd5 8. Bc4 Bb7 9. Rc1 e6 10. O-O Nd7 11. Qe2 a6 12. Rfd1 Qe7 13. a3 Rfc8 14. Ba2 c5 15. dxc5 Nxc3 16. Bxc3 Nxc5 17. Bxg7 Kxg7 18. Ne5 Bxg2 19. Kxg2 Qg5+ 20. Ng4 h5 21. h3 hxg4 22. hxg4 Rh8 23. Rh1 Rxh1 24. Rxh1 Rd8 25. Rd1 Rh8 26. Qf3 Qe5 27. Rd4 Qh2+ 28. Kf1 Rh3 29. Qg2 Qh1+ 30. Qxh1 Rxh1+ 31. Kg2 Ra1 32. Bc4 b5 33. Bf1 Ra2 34. b4 e5 35. Rd5 Ne4 36. Rxe5 Nxf2 37. Kf3 Nd1 38. Bd3 Rxa3 39. Rd5 Nb2 40. Be4 Nc4 41. Rd3 Rxd3 42. Bxd3 Kf6 43. Ke4 Kg5 44. Be2 f6 45. Kd4 Ne5 46. Kc5 Nxg4 47. Kb6 Nxe3 48. Kxa6 Nc2 49. Kxb5 f5 50. Bd3 Nxb4 1/2-1/2

[Event "Orel"]
[Site "Orel"]
[Date "1992.??.??"]
[Round "?"]
[White "Berkovich, Dmitry"]
[Black "Beshukov, Sergei"]
[Result "1/2-1/2"]
[WhiteElo "2445"]
[BlackElo "2500"]
[PlyCount "60"]
[EventDate "1992.??.??"]
[Source "www.chesslib.no"]
[SourceDate "2004.05.04"]

1. d4 Nf6 2. c4 g6 3. Nc3 d5 4. Nf3 Bg7 5. e3 O-O 6. Bd2 b6 7. cxd5 Nxd5 8. Bc4 Nf6 9. Qe2 Bb7 10. e4 Ne8 11. Be3 Nd6 12. Bd3 a6 13. h4 f5 14. Bg5 Qd7 15. Ne5 Qe8 16. h5 Nd7 17. hxg6 hxg6 18. Bh6 Nxe5 19. dxe5 Nxe4 20. Nxe4 Bxe4 21. Bxg7 Kxg7 22. Bxe4 fxe4 23. Qd2 e3 24. Qxe3 Rh8 25. O-O-O Qf7 26. f4 Raf8 27. Kb1 Rxh1 28. Rxh1 Rh8 29. Rf1 Rd8 30. g4 Qd5 1/2-1/2

[Event "Kavala"]
[Site "?"]
[Date "2006.07.07"]
[Round "5"]
[White "Nikolaidis Ioannis"]
[Black "Atakisi Umut"]
[Result "1/2-1/2"]
[WhiteElo "2538"]
[BlackElo "2406"]
[PlyCount "51"]
[EventDate "2006.??.??"]
[Source "www.chesslib.no"]
[SourceDate "2004.05.04"]

1. d4 Nf6 2. Nf3 g6 3. c4 Bg7 4. Nc3 d5 5. e3 O-O 6. Bd2 e6 7. Rc1 b6 8. cxd5 exd5 9. Be2 Bb7 10. O-O Nbd7 11. b4 c6 12. Qb3 Qe7 13. Rfd1 Rfc8 14. Be1 Rab8 15. b5 c5 16. Qa3 Ra8 17. dxc5 bxc5 18. Nd4 Bf8 19. Nb3 Qe6 20. Na5 Rab8 21. Nxb7 Rxb7 22. Nxd5 Nxd5 23. Rxd5 Qxd5 24. Bf3 c4 25. Qa6 Qxb5 26. Qxb7 1/2-1/2

[Event "Budapest Elekes"]
[Site "Budapest HUN"]
[Date "1995.??.??"]
[Round "2"]
[White "Danner, Georg"]
[Black "Horvath, Csaba"]
[Result "1/2-1/2"]
[WhiteElo "2440"]
[BlackElo "2500"]
[PlyCount "25"]
[EventDate "1995.??.??"]
[Source "www.chesslib.no"]
[SourceDate "2004.05.04"]

1. d4 d5 2. Nf3 Nf6 3. e3 g6 4. c4 Bg7 5. Nc3 O-O 6. Bd2 c5 7. dxc5 Na6 8. cxd5 Nxc5 9. Be2 Nxd5 10. Nxd5 Qxd5 11. Bb4 Qxd1+ 12. Rxd1 b6 13. b3 1/2-1/2

[Event "Tirnavia"]
[Site "Trnava"]
[Date "1989.??.??"]
[Round "?"]
[White "Marjanovic, Slavoljub"]
[Black "Plachetka, Jan"]
[Result "1/2-1/2"]
[WhiteElo "2490"]
[BlackElo "2450"]
[PlyCount "55"]
[EventDate "1989.03.??"]
[Source "ChessBase"]

1. d4 Nf6 2. Nf3 g6 3. c4 Bg7 4. Nc3 d5 5. e3 O-O 6. Bd2 c5 7. dxc5 Na6 8. cxd5 Nxc5 9. Bc4 Bf5 10. O-O Rc8 11. Nd4 Bd3 12. Bxd3 Nxd3 13. Qe2 Nxb2 14. Rab1 Nc4 15. Rxb7 Nxd5 16. Nxd5 Qxd5 17. Rxe7 a5 18. Bc1 Bf6 19. Ra7 Bxd4 20. exd4 Rfe8 21. Re7 Rxe7 22. Qxe7 Qxd4 23. h3 h5 24. Bg5 Qe5 25. Qd7 Nb6 26. Qd2 Nc4 27. Qc1 Nd6 28. Qf4 1/2-1/2

[Event "Timisoara"]
[Site "?"]
[Date "1977.05.21"]
[Round "2"]
[White "Sahovic Dragutin"]
[Black "Padevsky Nikola"]
[Result "1/2-1/2"]
[WhiteElo "2460"]
[BlackElo "2480"]
[PlyCount "61"]
[EventDate "1977.??.??"]
[Source "www.chesslib.no"]
[SourceDate "2004.05.04"]

1. d4 Nf6 2. c4 g6 3. Nc3 d5 4. Nf3 Bg7 5. e3 O-O 6. Bd2 c6 7. Rc1 Bg4 8. h3 Bxf3 9. Qxf3 Re8 10. cxd5 cxd5 11. Bb5 Nc6 12. Bxc6 bxc6 13. O-O e5 14. dxe5 Rxe5 15. Rfd1 Qe7 16. Be1 Rc8 17. Qe2 Qb7 18. Na4 Ne4 19. Rc2 Ree8 20. Qd3 Be5 21. b3 Bb8 22. f3 Ng3 23. Nc5 Qe7 24. Bf2 Bd6 25. Rdc1 Nf5 26. e4 Ng3 27. Qe3 Qf6 28. Bxg3 Bxg3 29. Nd3 Bb8 30. e5 Bxe5 31. Nxe5 1/2-1/2

[Event "JUG Team Ch"]
[Site "Cetinje"]
[Date "1990.??.??"]
[Round "5"]
[White "Averkin, Orest N"]
[Black "Marinkovic, Ivan"]
[Result "1/2-1/2"]
[WhiteElo "2465"]
[BlackElo "2470"]
[PlyCount "85"]
[EventDate "1990.??.??"]
[Source "www.chesslib.no"]
[SourceDate "2004.05.04"]

1. d4 Nf6 2. Nf3 g6 3. c4 Bg7 4. Nc3 d5 5. e3 O-O 6. Bd2 e6 7. Qb3 b6 8. cxd5 exd5 9. Be2 Bb7 10. O-O Nbd7 11. Rfd1 Re8 12. Be1 Bf8 13. a4 a5 14. Rac1 c6 15. Nd2 Re6 16. Bf3 Qe8 17. Qc2 Bh6 18. Rb1 Rb8 19. Nf1 Qe7 20. Ng3 Re8 21. Na2 Qd8 22. b4 axb4 23. Nxb4 Qa8 24. Nd3 Rc8 25. a5 c5 26. dxc5 bxc5 27. Ne2 Bc6 28. Qa2 d4 29. Bxc6 Qxc6 30. exd4 Rce8 31. Ng3 cxd4 32. Nb4 Qa8 33. a6 Nc5 34. a7 R6e7 35. Ra1 Bg7 36. Bd2 Rb7 37. Rdc1 Nfe4 38. Nxe4 Nxe4 39. Qa4 Rf8 40. Rd1 Nc3 41. Bxc3 dxc3 42. Ra2 Rc8 43. Nd5 1/2-1/2

[Event "Hoogeveen VAM open"]
[Site "Hoogeveen VAM open"]
[Date "1999.10.17"]
[Round "3"]
[White "Kasimdzhanov, Rustam"]
[Black "Van Kooten, Luuk"]
[Result "1-0"]
[WhiteElo "2603"]
[BlackElo "2331"]
[PlyCount "71"]
[EventDate "1999.10.??"]
[Source "www.chesslib.no"]
[SourceDate "2004.05.04"]

1. d4 Nf6 2. c4 g6 3. Nc3 d5 4. Nf3 Bg7 5. e3 O-O 6. Bd2 e6 7. Be2 b6 8. O-O Bb7 9. cxd5 exd5 10. b4 c6 11. Qb3 Nbd7 12. a4 Qe7 13. Bc1 Rfe8 14. Ba3 Qe6 15. b5 c5 16. dxc5 Nxc5 17. Qb4 Nfe4 18. Bb2 a5 19. bxa6 Nxa6 20. Bxa6 Bxa6 21. Nb5 Bxb5 22. axb5 Bxb2 23. Qxb2 Nd6 24. Ra6 Nc4 25. Qa2 Rxa6 26. bxa6 Ra8 27. Nd4 Qd7 28. Rb1 Qa7 29. Ra1 Na5 30. Nb5 Qd7 31. Nc3 Rxa6 32. Nxd5 Qd6 33. Rd1 Ra7 34. Qb2 Rd7 35. Qd4 Nc6 36. Ne7+ 1-0

[Event "Masters"]
[Site "Trieste ITA"]
[Date "2007.09.04"]
[Round "5"]
[White "Efimov, Ig"]
[Black "Borisek, J."]
[Result "0-1"]
[WhiteElo "2426"]
[BlackElo "2506"]
[PlyCount "64"]
[EventDate "2007.09.01"]
[Source "www.chesslib.no"]
[SourceDate "2004.05.04"]

1. d4 Nf6 2. Nf3 g6 3. c4 Bg7 4. Nc3 d5 5. e3 O-O 6. Bd2 c6 7. Rc1 Ne4 8. cxd5 Nxd2 9. Nxd2 cxd5 10. Qb3 e6 11. Be2 Nc6 12. O-O e5 13. dxe5 d4 14. Nce4 Nxe5 15. Rfd1 d3 16. Bf1 b6 17. h3 Be6 18. Qa3 b5 19. Nc5 Qb6 20. Nxe6 Qxe6 21. Bxd3 Nxd3 22. Qxd3 Qxa2 23. Qxb5 Rab8 24. Qd7 Rfd8 25. Qc7 Bxb2 26. Ne4 Rf8 27. Rc6 Qa4 28. Rd4 Bxd4 29. exd4 Qxd4 30. Qe7 Kg7 31. Rd6 Qa1+ 32. Kh2 Rbe8 0-1

[Event "It (Open) Moscow RUS"]
[Site "?"]
[Date "2006.02.14"]
[Round "8"]
[White "Wen Yang"]
[Black "Obukhov Alexander"]
[Result "1/2-1/2"]
[WhiteElo "2416"]
[BlackElo "2498"]
[PlyCount "33"]
[EventDate "2006.??.??"]
[Source "www.chesslib.no"]
[SourceDate "2004.05.04"]

1. d4 Nf6 2. c4 g6 3. Nc3 d5 4. Nf3 Bg7 5. e3 O-O 6. Bd2 c5 7. dxc5 Na6 8. cxd5 Nxc5 9. Bc4 Bf5 10. O-O Rc8 11. Nd4 Be4 12. h4 Ncd7 13. Be2 Nb6 14. Rc1 Nbxd5 15. Nxe4 Nxe4 16. Rxc8 Qxc8 17. Bf3 1/2-1/2

[Event "New York Inv"]
[Site "New York"]
[Date "1980.??.??"]
[Round "1"]
[White "Zaltsman, Vitaly F"]
[Black "Chandler, Murray G"]
[Result "1/2-1/2"]
[WhiteElo "2460"]
[BlackElo "2450"]
[PlyCount "70"]
[EventDate "1980.04.??"]
[Source "ChessBase"]

1. d4 Nf6 2. Nf3 g6 3. c4 Bg7 4. Nc3 d5 5. e3 O-O 6. Bd2 c5 7. dxc5 Na6 8. cxd5 Nxc5 9. Bc4 Bf5 10. O-O Rc8 11. Nd4 Be4 12. Qe2 Nxd5 13. Rfd1 Nb6 14. Nxe4 Nxe4 15. Bb3 Nxd2 16. Rxd2 Qc7 17. Rad1 a6 18. g3 Rcd8 19. Qf3 Rd6 20. Ne2 Rxd2 21. Rxd2 a5 22. Nc3 Bxc3 23. Rc2 a4 24. Rxc3 Qe5 25. Bc2 a3 26. Rb3 Nc4 27. Qxb7 axb2 28. Bd3 Na5 29. Qb5 Qxb5 30. Rxb5 Rd8 31. Be2 Rd2 32. Kf1 Nc6 33. Ke1 Rc2 34. Bd3 b1=Q+ 35. Rxb1 Rxa2 1/2-1/2

[Event "Trnava"]
[Site "Trnava SVK"]
[Date "1987.??.??"]
[Round "?"]
[White "Palatnik, Semyon"]
[Black "Stohl, Igor"]
[Result "1/2-1/2"]
[WhiteElo "2445"]
[BlackElo "2465"]
[PlyCount "36"]
[EventDate "1987.03.??"]
[Source "www.chesslib.no"]
[SourceDate "2004.05.04"]

1. d4 Nf6 2. c4 g6 3. Nc3 d5 4. Nf3 Bg7 5. e3 O-O 6. Bd2 c5 7. dxc5 Na6 8. cxd5 Nxc5 9. Bc4 Bf5 10. O-O Rc8 11. Nd4 Be4 12. Qe2 Nxd5 13. Rfd1 Nb6 14. Nxe4 Nxe4 15. Ba5 Rxc4 16. Bxb6 Qc8 17. Bxa7 e5 18. Qf3 Ng5 1/2-1/2

[Event "TCh-CZE 2002-3"]
[Site "Czech Rep"]
[Date "2002.10.13"]
[Round "2"]
[White "Likavsky, Tomas"]
[Black "Kalod, Radek"]
[Result "1-0"]
[WhiteElo "2465"]
[BlackElo "2442"]
[PlyCount "89"]
[EventDate "2003.01.01"]
[Source "Roberto Alvarez"]
[SourceDate "2003.04.28"]

1. d4 Nf6 2. c4 g6 3. Nf3 Bg7 4. Nc3 d5 5. e3 O-O 6. Bd2 e6 7. b4 Ne4 8. Rc1 Re8 9. Bd3 Nxd2 10. Qxd2 dxc4 11. Bxc4 b6 12. Bd3 Bb7 13. Be4 c6 14. Ne5 Qe7 15. Qb2 Rc8 16. O-O Nd7 17. Nxd7 Qxd7 18. Rfd1 Qe7 19. Qb3 Bf8 20. Rb1 Rab8 21. Qa4 a6 22. g3 h5 23. h4 Bg7 24. Bg2 Ra8 25. Ne4 Rd8 26. Ng5 e5 27. dxe5 Bxe5 28. Qb3 Bf6 29. Ne4 Bg7 30. Qc4 Rac8 31. Ng5 Rf8 32. Rd2 Rc7 33. Rbd1 Kh8 34. Bh3 b5 35. Qe4 Qf6 36. Qc2 c5 37. Rd6 Qe5 38. bxc5 Rxc5 39. Qb3 Rc4 40. Rd7 Kg8 41. Rxb7 Bh6 42. Rbd7 Bxg5 43. hxg5 Qxg5 44. Bf1 Rg4 45. Qd5 1-0

[Event "Ceuta-B"]
[Site "Ceuta"]
[Date "1993.??.??"]
[Round "2"]
[White "Eslon, Jaan"]
[Black "Veingold, Aleksandr"]
[Result "1/2-1/2"]
[WhiteElo "2430"]
[BlackElo "2475"]
[PlyCount "24"]
[EventDate "1993.09.??"]
[Source "www.chesslib.no"]
[SourceDate "2004.05.04"]

1. Nf3 Nf6 2. c4 g6 3. Nc3 Bg7 4. d4 d5 5. e3 O-O 6. Bd2 c6 7. Bd3 Bg4 8. h3 Bxf3 9. Qxf3 dxc4 10. Bxc4 Nbd7 11. O-O e5 12. Bb3 exd4 1/2-1/2

[Event "URS Ch sf"]
[Site "Chelyabinsk RUS"]
[Date "1972.??.??"]
[Round "?"]
[White "Maslov, Leonid P"]
[Black "Bagirov, Vladimir K"]
[Result "0-1"]
[WhiteElo "2380"]
[BlackElo "2515"]
[PlyCount "104"]
[EventDate "1972.??.??"]
[Source "www.chesslib.no"]
[SourceDate "2004.05.04"]

1. c4 Nf6 2. Nf3 g6 3. d4 Bg7 4. Nc3 d5 5. e3 O-O 6. Bd2 e6 7. Rc1 b6 8. cxd5 exd5 9. Be2 Bb7 10. O-O Re8 11. Qa4 a5 12. Rfd1 c6 13. Qb3 Nbd7 14. Na4 Ne4 15. Be1 Rb8 16. a3 Bf8 17. Qc2 Bd6 18. b4 axb4 19. axb4 Qe7 20. b5 c5 21. dxc5 bxc5 22. Nc3 Ndf6 23. Nxe4 Nxe4 24. Ra1 Rbc8 25. Nd2 Ng5 26. Nf3 d4 27. Ra7 Ne6 28. Nd2 Bb8 29. Rxb7 Qxb7 30. Nc4 Qc7 31. g3 Qb7 32. e4 f5 33. exf5 Ng5 34. Bg4 Re4 35. f4 Rce8 36. Bf2 gxf5 37. Qb3 Qd5 38. Bxf5 Qxf5 39. fxg5 Kg7 40. b6 Qxg5 41. Na5 Rf8 42. Qb5 Qf5 43. Rd2 h5 44. Nb3 Bd6 45. b7 Ree8 46. Na5 h4 47. Nc6 h3 48. Qf1 Kg8 49. Rd1 Qf3 50. b8=Q Bxb8 51. Nxb8 Re2 52. Rb1 Qxf2+ 0-1

[Event "XXIV ECC"]
[Site "Kallithea GRE"]
[Date "2008.10.19"]
[Round "3"]
[White "Efimov, Ig"]
[Black "Agopov, M."]
[Result "0-1"]
[WhiteElo "2442"]
[BlackElo "2449"]
[PlyCount "106"]
[EventDate "2008.10.17"]
[Source "www.chesslib.no"]
[SourceDate "2004.05.04"]

1. d4 Nf6 2. Nf3 g6 3. c4 Bg7 4. Nc3 d5 5. e3 O-O 6. Bd2 c5 7. dxc5 Na6 8. cxd5 Nxc5 9. Bc4 a6 10. a4 Bf5 11. Qe2 Nfe4 12. O-O Qb6 13. Nd4 Nxd2 14. Qxd2 Rac8 15. Rac1 Qb4 16. d6 e6 17. Be2 Bxd4 18. Qxd4 Qxd4 19. exd4 Nb3 20. Rcd1 Bc2 21. d5 Bxd1 22. Rxd1 e5 23. d7 Rc7 24. d6 Rxd7 25. Nd5 Rdd8 26. Bc4 Nd4 27. f4 Nc6 28. d7 exf4 29. Nb6 Ne5 30. Bb3 Kg7 31. a5 f6 32. Rd6 Nc6 33. Rd5 Rf7 34. Ba4 Ne5 35. Rd6 Re7 36. h3 g5 37. Rd1 h5 38. Kf2 g4 39. Rd6 g3+ 40. Kf1 h4 41. Rd1 Kg6 42. Nd5 Rdxd7 43. Nxf4+ Kf5 44. Bxd7+ Rxd7 45. Nd5 Kg5 46. Ke2 f5 47. b4 Rd8 48. Rd2 f4 49. Rd4 f3+ 50. Kf1 f2 51. Ke2 Rc8 52. Rd1 Rc2+ 53. Ke3 Nc4+ 0-1

[Event "Albena"]
[Site "Albena"]
[Date "1986.??.??"]
[Round "?"]
[White "Kolarov, Atanas S"]
[Black "Kengis, Edvins"]
[Result "1-0"]
[WhiteElo "2400"]
[BlackElo "2485"]
[PlyCount "79"]
[EventDate "1986.09.??"]
[Source "www.chesslib.no"]
[SourceDate "2004.05.04"]

1. d4 Nf6 2. c4 g6 3. Nc3 d5 4. Nf3 Bg7 5. e3 O-O 6. Bd2 c5 7. dxc5 Na6 8. cxd5 Nxc5 9. Bc4 a6 10. a4 e6 11. dxe6 Bxe6 12. Bxe6 Nd3+ 13. Ke2 fxe6 14. Qb1 Ne5 15. b4 Ned7 16. Qb3 Qe7 17. Rac1 Kh8 18. Rhd1 Rac8 19. a5 Nb8 20. Be1 Nc6 21. Na4 e5 22. Nc5 Rce8 23. Ng5 Bh6 24. Nge6 Rf7 25. Qc4 g5 26. h3 Rg8 27. f3 Nh5 28. Rd7 Qf6 29. Rxf7 Qxf7 30. Rd1 Nf6 31. Qc2 Bf8 32. Qf5 Bxc5 33. bxc5 Qg6 34. Qxg6 Rxg6 35. Nd8 Nxd8 36. Rxd8+ Rg8 37. Rd6 Kg7 38. Re6 Re8 39. Rb6 Re7 40. e4 1-0